Central Library OPAC University of Rajshahi

Friedrich Froebel and English education / (Record no. 43421)

MARC details
000 -LEADER
fixed length control field 00887nam a2200277 a 4500
001 - CONTROL NUMBER
control field 43421
003 - CONTROL NUMBER IDENTIFIER
rucl marc code BD-RjUL
005 - DATE AND TIME OF LATEST TRANSACTION
control field 20211209053709.0
008 - FIXED-LENGTH DATA ELEMENTS--GENERAL INFORMATION
fixed length control field 160621s1952 enkac b 001 0beng
035 ## - SYSTEM CONTROL NUMBER
System control number (BD-RjUL)43539
040 ## - CATALOGING SOURCE
Original cataloging agency DLC
Transcribing agency NAlU
Modifying agency Uk
-- DLC
-- BD-RjUL
Language of cataloging eng
041 ## - LANGUAGE CODE
Language code of text/sound track or separate title eng
082 ## - DEWEY DECIMAL CLASSIFICATION NUMBER
Edition number 23
Classification number 372.942
Author mark and year FRI 1952
245 00 - TITLE STATEMENT
Title Friedrich Froebel and English education /
Statement of responsibility, etc. P Woodham Smith...[et al.] ; Evelyn Lawrence
260 ## - PUBLICATION, DISTRIBUTION, ETC. (IMPRINT)
Place of publication, distribution, etc. London :
Name of publisher, distributor, etc. University of London Press,
Date of publication, distribution, etc. 1952
300 ## - PHYSICAL DESCRIPTION
Pagination 248 p. :
Illustrations ill. ;
Size 23 cm.
600 10 - SUBJECT ADDED ENTRY--PERSONAL NAME
Personal name Fröbel, Friedrich,
Dates associated with a name 1782-1852.
650 #0 - SUBJECT ADDED ENTRY--TOPICAL TERM
Topical term or geographic name as entry element Education
Geographic subdivision Great Britain
General subdivision History.
9 (RLIN) 133357
700 ## - ADDED ENTRY--PERSONAL NAME
Personal name Smith, P Woodham
Personal name Slight, J.P.
Personal name Priestman O.B.
Personal name Hamilton, H. A.
Personal name Isaace, N
942 ## - ADDED ENTRY ELEMENTS (KOHA)
Source of classification or shelving scheme Dewey Decimal Classification
Koha item type Books
Holdings
Lost status Source of classification or shelving scheme Damaged status Not for loan Collection code Permanent Location Current Location Shelving location Date acquired Source of acquisition Cost, normal purchase price Total Checkouts Full call number Date last seen Copy number Koha item type
  Dewey Decimal Classification     Non-fiction Central Library, University of Rajshahi Central Library, University of Rajshahi   21/06/2016 Simpking Masshall 1.00   372.942 FRI 1952 21/06/2016 C-2 Books